[Event "HUN-chT2 Barcza 1415"]
[Site "Hungary"]
[Date "2014.10.12"]
[Round "?"]
[White "Vodila, Martin Botond"]
[Black "Neuberger, Attila"]
[Result "1-0"]
[WhiteElo "1739"]
[BlackElo "1991"]
[PlyCount "103"]
[EventDate "2014.09.07"]
[EventType "team-tourn"]
[EventRounds "11"]
[EventCountry "HUN"]
[SourceTitle "EXT 2016"]
[Source "ChessBase"]
[SourceDate "2015.10.08"]
[SourceVersion "1"]
[SourceVersionDate "2015.10.08"]
[SourceQuality "1"]
[WhiteTeam "Edeleny"]
[BlackTeam "Kazincbarcika"]
[WhiteTeamCountry "HUN"]
[BlackTeamCountry "HUN"]

1. e4 e6 2. d4 d5 3. exd5 exd5 4. Bd3 Nf6 5. Bg5 Be6 6. Nf3 Nbd7 7. Nbd2 c6 8. Ne5 Qc7 9. Qe2 Nxe5 10. dxe5 Nd7 11. f4 Nc5 12. 0-0 Nxd3 13. cxd3 Bc5+ 14. Kh1 0-0 15. Nb3 Be7 16. Bxe7 Qxe7 17. f5 Bd7 18. d4 f6 19. e6 Be8 20. Rac1 Rc8 21. Rc3 b6 22. Rfc1 Rc7 23. Qg4 Kh8 24. Qf4 g6 25. g4 g5 26. Qf2 a5 27. Nd2 Qd6 28. Qg3 Qe7 29. Qf2 Kg7 30. Nf1 Rh8 31. Ne3 Rb7 32. Qg3 h5 33. Nxd5 Qd8 34. Ne3 Qxd4 35. Rd1 Qe4+ 36. Qg2 Qxg2+ 37. Kxg2 hxg4 38. Nxg4 c5 39. Kg3 Rc7 40. Rd8 b5 41. b3 b4 42. Rc2 a4 43. Rd5 axb3 44. axb3 c4 45. Rd4 Bb5 46. bxc4 b3 47. Rb2 Bxc4 48. Ne3 Rhc8 49. Rd7+ Kf8 50. Nxc4 Rxc4 51. Rf7+ Ke8 52. Rxb3 1-0

[Event "HUN-chT2 Maroczy 1112"]
[Site "Hungary"]
[Date "2012.01.29"]
[Round "5"]
[White "Neuberger, Attila"]
[Black "Gunyecz, Zoltan"]
[Result "1-0"]
[WhiteElo "2035"]
[BlackElo "1978"]
[PlyCount "85"]
[EventDate "2011.09.25"]
[EventType "team-tourn"]
[EventRounds "11"]
[EventCountry "HUN"]
[SourceTitle "EXT 2013"]
[Source "ChessBase"]
[SourceDate "2012.11.22"]
[SourceVersion "1"]
[SourceVersionDate "2012.11.22"]
[SourceQuality "1"]
[WhiteTeam "Kazincbarcika"]
[BlackTeam "Nyiregyhaza"]
[WhiteTeamCountry "HUN"]
[BlackTeamCountry "HUN"]

1. c4 Nf6 2. Nc3 d5 3. cxd5 Nxd5 4. e4 Nxc3 5. bxc3 g6 6. d4 Bg7 7. Bc4 0-0 8. Ne2 c5 9. 0-0 Nc6 10. Be3 cxd4 11. cxd4 Bg4 12. f3 Na5 13. Bxf7+ Rxf7 14. fxg4 Rxf1+ 15. Kxf1 Qd7 16. h3 Rf8+ 17. Kg1 Nc4 18. Qb3 b5 19. a4 a6 20. axb5 axb5 21. Rb1 e6 22. e5 Qc6 23. Ng3 Qd5 24. Kh2 Ra8 25. Bg1 Rb8 26. h4 Bf8 27. Rc1 Qd8 28. Kh3 Qe8 29. Ne4 Be7 30. g5 Ra8 31. Qf3 Ra4 32. Nf6+ Bxf6 33. gxf6 Qd7 34. Rc3 Qc7 35. Be3 b4 36. Rb3 Nb6 37. h5 Nd5 38. Qg4 Qf7 39. Bh6 Kh8 40. hxg6 Qxg6 41. Bg7+ Kg8 42. Qxe6+ Qf7 43. Qc8+ 1-0

[Event "HUN-chT2 Barcza 1011"]
[Site "Hungary"]
[Date "2011.04.10"]
[Round "8.6"]
[White "Sztaray, Gyula"]
[Black "Neuberger, Attila"]
[Result "1/2-1/2"]
[WhiteElo "2038"]
[BlackElo "2018"]
[PlyCount "61"]
[EventDate "2010.09.12"]
[EventType "team-tourn"]
[EventRounds "11"]
[EventCountry "HUN"]
[SourceTitle "EXT 2012"]
[Source "ChessBase"]
[SourceDate "2011.11.24"]
[SourceVersion "1"]
[SourceVersionDate "2011.11.24"]
[SourceQuality "1"]
[WhiteTeam "Debrecen Betu"]
[BlackTeam "Kazincbarcika"]
[WhiteTeamCountry "HUN"]
[BlackTeamCountry "HUN"]

1. e4 e6 2. d4 d5 3. exd5 exd5 4. Qf3 c6 5. Bd3 Bd6 6. Ne2 Qc7 7. c3 Be6 8. Bf4 Nf6 9. h3 Nbd7 10. Nd2 0-0 11. 0-0 b5 12. b4 a5 13. a3 a4 14. Rfe1 Rae8 15. Bg3 Bxg3 16. Nxg3 g6 17. Re3 Kg7 18. Rae1 Nb6 19. Kf1 h5 20. Kg1 h4 21. Ngf1 Nh7 22. Nh2 Ng5 23. Qe2 Bd7 24. Nhf3 Qf4 25. Nxg5 Qxg5 26. Nf3 Rxe3 27. Qxe3 Qf6 28. Qe5 Qxe5 29. Rxe5 Rh8 30. Kf1 f6 31. Re3 1/2-1/2

[Event "HUN-chT2 Barcza 1011"]
[Site "Hungary"]
[Date "2011.03.27"]
[Round "7.5"]
[White "Debreceni, Mate"]
[Black "Neuberger, Attila"]
[Result "0-1"]
[WhiteElo "1875"]
[BlackElo "2018"]
[PlyCount "76"]
[EventDate "2010.09.12"]
[EventType "team-tourn"]
[EventRounds "11"]
[EventCountry "HUN"]
[SourceTitle "EXT 2012"]
[Source "ChessBase"]
[SourceDate "2011.11.24"]
[SourceVersion "1"]
[SourceVersionDate "2011.11.24"]
[SourceQuality "1"]
[WhiteTeam "Debrecen Sakkbaratok"]
[BlackTeam "Kazincbarcika"]
[WhiteTeamCountry "HUN"]
[BlackTeamCountry "HUN"]

1. e4 e6 2. d4 d5 3. Nc3 Nf6 4. e5 Nfd7 5. f4 a6 6. Nf3 c5 7. Be3 Nc6 8. Be2 Qb6 9. 0-0 Qxb2 10. Na4 Qa3 11. c3 b5 12. Nxc5 Nxc5 13. dxc5 Bxc5 14. Bxc5 Qxc5+ 15. Kh1 0-0 16. Bd3 Bd7 17. Bxh7+ Kh8 18. Bd3 g6 19. Qe1 Kg7 20. Ng5 Rh8 21. Rb1 Rac8 22. Rf3 Ne7 23. Rc1 a5 24. Rf1 Qa3 25. Qd2 Rc7 26. Rc2 Rhc8 27. Rfc1 b4 28. cxb4 Rxc2 29. Rxc2 Rxc2 30. Qxc2 Ba4 31. Qb1 axb4 32. Bc2 Bxc2 33. Qxc2 Qc3 34. Qb1 Nf5 35. h4 Ng3+ 36. Kh2 Ne2 37. h5 Qg3+ 38. Kh1 Nxf4 0-1

[Event "HUN-chT2 Barcza 0910"]
[Site "Hungary"]
[Date "2010.02.14"]
[Round "6.8"]
[White "Zelei, Zoltan"]
[Black "Neuberger, Attila"]
[Result "1/2-1/2"]
[WhiteElo "2010"]
[BlackElo "2018"]
[PlyCount "105"]
[EventDate "2009.11.08"]
[EventType "team-tourn"]
[EventRounds "11"]
[EventCountry "HUN"]
[SourceTitle "EXT 2011"]
[Source "ChessBase"]
[SourceDate "2010.11.26"]
[SourceVersion "1"]
[SourceVersionDate "2010.11.26"]
[SourceQuality "1"]
[WhiteTeam "Mezokovesd"]
[BlackTeam "Kazincbarcika"]
[WhiteTeamCountry "HUN"]
[BlackTeamCountry "HUN"]

1. d4 Nf6 2. Nf3 g6 3. g3 Bg7 4. Bg2 d5 5. 0-0 0-0 6. Bf4 Bd7 7. Ne5 Na6 8. Nd2 Rc8 9. c4 c6 10. Qb3 b6 11. cxd5 cxd5 12. Bxd5 Nxd5 13. Qxd5 Bh3 14. Qxd8 Rfxd8 15. Rfc1 Rxc1+ 16. Rxc1 Rxd4 17. Ndf3 Bxe5 18. Bxe5 Rd5 19. Bf4 f6 20. Ne1 Nc5 21. f3 Ne6 22. Nd3 Bf5 23. Rc3 Bxd3 24. Rxd3 Nxf4 25. gxf4 Rxd3 26. exd3 Kf7 27. Kf2 Ke6 28. Ke3 Kd5 29. b3 b5 30. h3 a5 31. d4 h5 32. h4 e6 33. Kd3 e5 34. dxe5 fxe5 35. fxe5 Kxe5 36. Ke3 Kf5 37. Ke2 g5 38. hxg5 Kxg5 39. Kf2 Kf4 40. Kg2 a4 41. bxa4 bxa4 42. a3 h4 43. Kh3 Kxf3 44. Kxh4 Ke3 45. Kg3 Kd3 46. Kf3 Kc3 47. Ke3 Kb2 48. Kd2 Kxa3 49. Kc1 Ka2 50. Kc2 Ka1 51. Kc1 a3 52. Kc2 a2 53. Kc1 1/2-1/2

[Event "HUN-chT2 Barcza 0910"]
[Site "Hungary"]
[Date "2009.12.20"]
[Round "4.8"]
[White "Visloczki, Jozsef"]
[Black "Neuberger, Attila"]
[Result "1/2-1/2"]
[WhiteElo "2049"]
[BlackElo "2018"]
[PlyCount "80"]
[EventDate "2009.11.08"]
[EventType "team-tourn"]
[EventRounds "11"]
[EventCountry "HUN"]
[SourceTitle "EXT 2011"]
[Source "ChessBase"]
[SourceDate "2010.11.26"]
[SourceVersion "1"]
[SourceVersionDate "2010.11.26"]
[SourceQuality "1"]
[WhiteTeam "Piremon"]
[BlackTeam "Kazincbarcika"]
[WhiteTeamCountry "HUN"]
[BlackTeamCountry "HUN"]

1. e4 e6 2. d4 d5 3. exd5 exd5 4. Nf3 Bd6 5. Be2 Bf5 6. Bg5 f6 7. Be3 c6 8. Nbd2 Nd7 9. Nh4 Ne7 10. Bg4 Bg6 11. Nxg6 hxg6 12. Nf3 Qc7 13. Bxd7+ Qxd7 14. Qe2 0-0-0 15. 0-0-0 Rde8 16. h3 Nf5 17. Qd3 g5 18. Bd2 Bc7 19. Rde1 Nd6 20. Rxe8+ Rxe8 21. Re1 Ne4 22. Qf1 g4 23. hxg4 Qxg4 24. c3 Kd7 25. Be3 Bf4 26. Nd2 Nxd2 27. Kxd2 Bxe3+ 28. fxe3 Re4 29. Re2 Qg5 30. Qf3 Ke6 31. Qh3+ Kf7 32. Rf2 Qg4 33. Qf3 Ke6 34. b3 b6 35. c4 Qg5 36. Kd3 g6 37. Rc2 f5 38. cxd5+ Kxd5 39. g3 Kd6 40. b4 Qe7 1/2-1/2

[Event "HUN-chT2 Szechenyi 0405"]
[Site "Hungary"]
[Date "2005.02.20"]
[Round "8"]
[White "Csaba, Arpad"]
[Black "Neuberger, Attila"]
[Result "1-0"]
[WhiteElo "2171"]
[BlackElo "2012"]
[PlyCount "115"]
[EventDate "2004.09.26"]
[EventType "team"]
[EventRounds "11"]
[EventCountry "HUN"]
[SourceTitle "EXT 2009"]
[Source "ChessBase"]
[SourceDate "2008.11.26"]
[SourceVersion "1"]
[SourceVersionDate "2008.11.26"]
[SourceQuality "1"]
[WhiteTeam "Ajka Banyasz"]
[BlackTeam "Flesch"]
[WhiteTeamCountry "HUN"]
[BlackTeamCountry "HUN"]

1. Nf3 Nf6 2. g3 g6 3. Bg2 Bg7 4. 0-0 0-0 5. d4 d5 6. c4 c6 7. Nc3 Bf5 8. b3 Na6 9. cxd5 Nxd5 10. Nxd5 cxd5 11. Nh4 Qd7 12. Nxf5 Qxf5 13. Ba3 Rfe8 14. Rc1 Qd7 15. Qd2 Nc7 16. e3 e6 17. Qa5 b6 18. Qd2 Nb5 19. Bb2 Rac8 20. Qd3 Bf8 21. a4 Nd6 22. h4 Rxc1 23. Rxc1 Rc8 24. Rxc8 Qxc8 25. Bf3 Qc6 26. h5 b5 27. hxg6 hxg6 28. axb5 Qxb5 29. Qc2 Qb7 30. Kg2 Bh6 31. Be2 Nf5 32. Qc3 Qb8 33. Bc1 Nd6 34. Bf3 Qc8 35. Qc5 Bf8 36. Be2 Qb7 37. Qc2 Qc8 38. Qxc8 Nxc8 39. Bd2 Nb6 40. Ba5 Bd6 41. Bb5 Kf8 42. Kf3 Ke7 43. Ke2 f6 44. Kd3 Na8 45. Kc3 Nc7 46. Bd3 g5 47. b4 f5 48. Kb3 Kf6 49. f4 g4 50. Ka4 Ke7 51. Bb5 Kd8 52. Bc6 Be7 53. b5 Kc8 54. Bb4 Kd8 55. Ka5 Bxb4+ 56. Kxb4 Ne8 57. Bxe8 Kxe8 58. Ka5 1-0

[Event "HUN-chT2 Maroczy 0506"]
[Site "Hungary"]
[Date "2005.??.??"]
[Round "4"]
[White "Neuberger, Attila"]
[Black "Rozsa, Sandor"]
[Result "1/2-1/2"]
[WhiteElo "2026"]
[BlackElo "2048"]
[PlyCount "34"]
[EventDate "2005.10.16"]
[EventType "team"]
[EventRounds "11"]
[EventCountry "HUN"]
[SourceTitle "EXT 2009"]
[Source "ChessBase"]
[SourceDate "2008.11.26"]
[SourceVersion "1"]
[SourceVersionDate "2008.11.26"]
[SourceQuality "1"]
[WhiteTeam "Kazincbarcika"]
[BlackTeam "Honved II"]
[WhiteTeamCountry "HUN"]
[BlackTeamCountry "HUN"]

1. c4 Nf6 2. Nc3 e6 3. g3 Be7 4. Bg2 c5 5. e4 Nc6 6. Nge2 0-0 7. 0-0 d6 8. d3 Rb8 9. f4 e5 10. f5 a6 11. Bg5 b5 12. Bxf6 Bxf6 13. cxb5 axb5 14. Nd5 b4 15. a4 Bb7 16. Nxf6+ Qxf6 17. b3 Ba6 1/2-1/2

[Event "HUN-chT2 Szechenyi 0405"]
[Site "Hungary"]
[Date "2004.09.26"]
[Round "1"]
[White "Gyarmati, Janos"]
[Black "Neuberger, Attila"]
[Result "1-0"]
[WhiteElo "2021"]
[BlackElo "2012"]
[PlyCount "83"]
[EventDate "2004.09.26"]
[EventType "team"]
[EventRounds "11"]
[EventCountry "HUN"]
[SourceTitle "EXT 2009"]
[Source "ChessBase"]
[SourceDate "2008.11.26"]
[SourceVersion "1"]
[SourceVersionDate "2008.11.26"]
[SourceQuality "1"]
[WhiteTeam "Tapolca II"]
[BlackTeam "Flesch"]
[WhiteTeamCountry "HUN"]
[BlackTeamCountry "HUN"]

1. e4 c5 2. Nf3 d6 3. Bb5+ Bd7 4. Bxd7+ Nxd7 5. 0-0 Ngf6 6. Qe2 Qc7 7. Rd1 g6 8. c3 Bg7 9. d4 0-0 10. Bf4 Rfe8 11. h3 Rac8 12. Na3 a6 13. Rac1 e5 14. dxe5 dxe5 15. Bh2 b5 16. Nc2 c4 17. Nfe1 Nc5 18. f3 Bh6 19. Rb1 a5 20. g3 Na4 21. Kg2 Qb6 22. Bg1 Qc6 23. Be3 Bxe3 24. Nxe3 Rcd8 25. Rbc1 Nc5 26. Rc2 Rxd1 27. Qxd1 Kg7 28. Rd2 Re6 29. Kf1 Nh5 30. Kg2 Nf6 31. Kf1 Nfxe4 32. fxe4 Nxe4 33. Rg2 Ng5 34. h4 Rf6+ 35. Kg1 Nh3+ 36. Kh2 Nf2 37. Qe2 Ne4 38. Ng4 Rf5 39. Nf3 f6 40. Ne3 Nxc3 41. Nxf5+ gxf5 42. bxc3 1-0

[Event "HUN-chT2 Szechenyi 0304"]
[Site "Hungary"]
[Date "2004.04.04"]
[Round "10"]
[White "Gaal, Sandor"]
[Black "Neuberger, Attila"]
[Result "1/2-1/2"]
[WhiteElo "2070"]
[BlackElo "1940"]
[PlyCount "150"]
[EventDate "2003.09.28"]
[EventType "team"]
[EventRounds "11"]
[EventCountry "HUN"]
[SourceTitle "EXT 2009"]
[Source "ChessBase"]
[SourceDate "2008.11.26"]
[SourceVersion "1"]
[SourceVersionDate "2008.11.26"]
[SourceQuality "1"]
[WhiteTeam "Ajka Banyasz"]
[BlackTeam "Flesch"]
[WhiteTeamCountry "HUN"]
[BlackTeamCountry "HUN"]

1. e4 c5 2. f4 Qc7 3. Nc3 Qxf4 4. Nf3 e6 5. Bc4 a6 6. d4 Qc7 7. d5 b5 8. Be2 d6 9. 0-0 Nf6 10. dxe6 Bxe6 11. Nd5 Bxd5 12. exd5 h6 13. Bf4 c4 14. Be3 Qb7 15. Nd4 Nbd7 16. Nc6 Ne5 17. Qd4 Nxc6 18. dxc6 Qc7 19. a4 Rc8 20. axb5 axb5 21. Ra7 Qxc6 22. Rxf6 gxf6 23. Qxf6 Rh7 24. Bf3 d5 25. Qf5 Bc5 26. Bxd5 Bxe3+ 27. Kf1 Bxa7 28. Bxc6+ Rxc6 29. Qxh7 Rf6+ 30. Ke1 b4 31. Qg8+ Ke7 32. Qa8 Re6+ 33. Kd1 Rd6+ 34. Ke2 Bc5 35. Qb7+ Kf6 36. Qc8 Re6+ 37. Kf3 Re5 38. Qh8+ Ke6 39. Qxh6+ f6 40. g4 Bd4 41. b3 Kd5 42. h4 cxb3 43. cxb3 f5 44. gxf5 Rxf5+ 45. Kg4 Rf6 46. Qh7 Bc3 47. h5 Ke6 48. h6 Rf8 49. Qg6+ Ke7 50. h7 Rh8 51. Qg8 Kd6 52. Kf5 Kd7 53. Ke4 Kd6 54. Kf5 Ke7 55. Qe6+ Kd8 56. Qg8+ Ke7 57. Kg6 Kd6 58. Kf5 Ke7 59. Kg5 Kd6 60. Kg6 Ke7 61. Qf7+ Kd6 62. Kf5 Kc5 63. Qa7+ Kc6 64. Qa4+ Kd6 65. Qa6+ Kd5 66. Qe6+ Kc5 67. Qe7+ Kd5 68. Qe4+ Kd6 69. Qe6+ Kc5 70. Qe7+ Kd4 71. Qe4+ Kc5 72. Qc4+ Kd6 73. Qe6+ Kc5 74. Qe7+ Kd4 75. Qd6+ Ke3 1/2-1/2

[Event "HUN-chT2 Szechenyi 0304"]
[Site "Hungary"]
[Date "2004.01.25"]
[Round "6"]
[White "Neuberger, Attila"]
[Black "Kovacs, Andras"]
[Result "1-0"]
[WhiteElo "1940"]
[BlackElo "2049"]
[PlyCount "149"]
[EventDate "2003.09.28"]
[EventType "team"]
[EventRounds "11"]
[EventCountry "HUN"]
[SourceTitle "EXT 2009"]
[Source "ChessBase"]
[SourceDate "2008.11.26"]
[SourceVersion "1"]
[SourceVersionDate "2008.11.26"]
[SourceQuality "1"]
[WhiteTeam "Flesch"]
[BlackTeam "Veszprem"]
[WhiteTeamCountry "HUN"]
[BlackTeamCountry "HUN"]

1. c4 c5 2. Nc3 Nc6 3. e4 d6 4. f4 g6 5. Be2 Nd4 6. Nf3 Bg7 7. 0-0 Nf6 8. d3 a6 9. h3 Nh5 10. Nxd4 cxd4 11. Nb1 Ng3 12. Rf3 Nxe2+ 13. Qxe2 e5 14. Qf2 0-0 15. f5 f6 16. Qg3 g5 17. Na3 Bd7 18. Nc2 a5 19. Bd2 b5 20. b3 bxc4 21. bxc4 Rb8 22. Rf2 Ba4 23. Ne1 Rf7 24. Nf3 Kf8 25. Bxg5 Ke7 26. Bd2 Bh8 27. Qh4 Qb6 28. Raf1 Rg8 29. Kh2 h5 30. Qxh5 Be8 31. Nh4 Rfg7 32. Qe2 Rh7 33. Nf3 Bh5 34. Qe1 a4 35. h4 Rhg7 36. Rg1 Rg3 37. Qb1 Qc6 38. Qb5 Qxb5 39. cxb5 Kd7 40. Rc1 R3g7 41. Rc4 Ra8 42. b6 Kd8 43. Bc1 Rb7 44. Rc6 d5 45. exd5 Bf7 46. Ba3 Bxd5 47. Rd6+ Rd7 48. Rb2 Rb8 49. Nd2 Bg7 50. g4 Rbb7 51. g5 fxg5 52. hxg5 e4 53. Rxd7+ Kxd7 54. dxe4 Be5+ 55. Kh3 Bg8 56. Nf3 Bf4 57. Kg4 Bc1 58. Ne5+ Kd8 59. Nc6+ Kd7 60. Ne5+ Kd8 61. Be7+ Kxe7 62. Rc2 Rxb6 63. Rxc1 Bxa2 64. Nc6+ Ke8 65. Nxd4 Rb4 66. Rd1 Bg8 67. Kf4 Rc4 68. Ke5 a3 69. Ra1 a2 70. Rxa2 Rxd4 71. Ra8+ Rd8 72. Rxd8+ Kxd8 73. Kf6 Ke8 74. Kg7 Bc4 75. f6 1-0

[Event "HUN-chT2 Szechenyi 0304"]
[Site "Hungary"]
[Date "2003.11.30"]
[Round "4"]
[White "Neuberger, Attila"]
[Black "Balka, Richard"]
[Result "0-1"]
[WhiteElo "1940"]
[BlackElo "2058"]
[PlyCount "70"]
[EventDate "2003.09.28"]
[EventType "team"]
[EventRounds "11"]
[EventCountry "HUN"]
[SourceTitle "EXT 2009"]
[Source "ChessBase"]
[SourceDate "2008.11.26"]
[SourceVersion "1"]
[SourceVersionDate "2008.11.26"]
[SourceQuality "1"]
[WhiteTeam "Flesch"]
[BlackTeam "Sarvar"]
[WhiteTeamCountry "HUN"]
[BlackTeamCountry "HUN"]

1. c4 e5 2. Nc3 Nc6 3. d3 Nf6 4. e4 d6 5. f4 Be7 6. Nf3 Bg4 7. Be2 Qd7 8. a3 Bxf3 9. Bxf3 Nd4 10. 0-0 0-0 11. f5 c6 12. g4 Ne8 13. g5 f6 14. h4 fxg5 15. hxg5 Qd8 16. f6 gxf6 17. Bh5 fxg5 18. Rxf8+ Bxf8 19. Qg4 Bh6 20. Be3 Nf6 21. Qd1 Ne6 22. b4 Qe7 23. Ra2 Nf4 24. Bxf4 gxf4 25. Rg2+ Kh8 26. Rh2 Rg8+ 27. Kh1 Nxh5 28. Rxh5 Qg7 29. Qf1 f3 30. Rh3 Qg2+ 31. Qxg2 fxg2+ 32. Kg1 Bc1 33. Ne2 Bxa3 34. Ng3 Bxb4 35. Kxg2 Be1 0-1

[Event "HUN-chT2 Szechenyi 0203"]
[Site "Hungary"]
[Date "2003.03.23"]
[Round "9"]
[White "Neuberger, Attila"]
[Black "Vincze, Otto"]
[Result "0-1"]
[WhiteElo "1883"]
[BlackElo "2060"]
[PlyCount "178"]
[EventDate "2002.09.22"]
[EventType "team"]
[EventRounds "11"]
[EventCountry "HUN"]
[SourceTitle "EXT 2009"]
[Source "ChessBase"]
[SourceDate "2008.11.26"]
[SourceVersion "1"]
[SourceVersionDate "2008.11.26"]
[SourceQuality "1"]

1. c4 Nf6 2. Nc3 e6 3. g3 d5 4. cxd5 exd5 5. d4 c6 6. Bg2 Be7 7. Bg5 0-0 8. e3 h6 9. Bxf6 Bxf6 10. Nge2 Bf5 11. Qb3 Qb6 12. Qxb6 axb6 13. 0-0 Re8 14. a3 Nd7 15. Rfd1 g5 16. Rac1 Ra5 17. h3 Bg7 18. g4 Bg6 19. Rd2 Nf6 20. Ng3 Bf8 21. Re1 b5 22. f3 b4 23. axb4 Bxb4 24. Kf2 Nd7 25. e4 Nb6 26. Bf1 Ra2 27. Nxa2 Bxd2 28. Rd1 Bf4 29. e5 Bc2 30. Re1 Nd7 31. Nh5 Bg6 32. Nxf4 gxf4 33. Nc1 Nf8 34. h4 Ne6 35. Rd1 Ra8 36. h5 Bh7 37. Bd3 Ra1 38. Be2 Ra4 39. Bd3 Rxd4 40. Bxh7+ Kxh7 41. Rxd4 Nxd4 42. Ne2 Ne6 43. Ke1 Kg7 44. b4 f6 45. exf6+ Kxf6 46. Nc1 b6 47. Ne2 c5 48. Kd2 Ke5 49. bxc5 bxc5 50. Kd3 Nd8 51. Kc3 Nf7 52. Kd3 Nd6 53. Nc3 Nf7 54. Ne2 Nd8 55. Nc3 Ne6 56. Ne2 Ng5 57. Ng1 Kd6 58. Kc3 Kc6 59. Ne2 Ne6 60. Kd3 Kb5 61. Nc3+ Kc6 62. Ne2 c4+ 63. Kd2 d4 64. Kc1 Kc5 65. Kd2 Kb4 66. g5 Nxg5 67. Nxd4 Kc5 68. Ne2 Ne6 69. Kc3 Kb5 70. Ng1 Ng7 71. Nh3 Nxh5 72. Kc2 Kb4 73. Kb2 c3+ 74. Kc2 Kc4 75. Kc1 Kb3 76. Kb1 c2+ 77. Kc1 Ng3 78. Nxf4 h5 79. Kd2 h4 80. Nd3 h3 81. Nc5+ Kc4 82. Nd3 h2 83. Nf2 Kb3 84. f4 h1Q 85. Nxh1 Nxh1 86. f5 Kb2 87. f6 c1Q+ 88. Kd3 Qf1+ 89. Ke4 Qxf6 0-1

[Event "HUN-chT2 Szechenyi 0203"]
[Site "Hungary"]
[Date "2003.03.02"]
[Round "8"]
[White "Neuberger, Attila"]
[Black "Balka, Richard"]
[Result "1-0"]
[WhiteElo "1883"]
[BlackElo "2047"]
[PlyCount "63"]
[EventDate "2002.09.22"]
[EventType "team"]
[EventRounds "11"]
[EventCountry "HUN"]
[SourceTitle "EXT 2009"]
[Source "ChessBase"]
[SourceDate "2008.11.26"]
[SourceVersion "1"]
[SourceVersionDate "2008.11.26"]
[SourceQuality "1"]

1. c4 e5 2. Nc3 Nc6 3. d3 g6 4. e4 Bg7 5. Be2 d6 6. f4 exf4 7. Bxf4 Nge7 8. Nf3 0-0 9. Qd2 Re8 10. 0-0 f5 11. Bh6 Bh8 12. h4 Be6 13. h5 Qd7 14. Ng5 Nd4 15. Nd5 Bxd5 16. cxd5 c6 17. dxc6 bxc6 18. Rae1 Rab8 19. b3 d5 20. hxg6 hxg6 21. Qf4 Rb4 22. Qh2 Ne6 23. Nxe6 Qxe6 24. exf5 Nxf5 25. g4 Ne3 26. Rf8+ Rxf8 27. Bxf8 Rb7 28. Bc5 Rh7 29. Qf4 Bf6 30. Qxe3 Qxe3+ 31. Bxe3 Re7 32. Bf3 1-0

[Event "HUN-chT2 Szechenyi 0203"]
[Site "Hungary"]
[Date "2003.02.16"]
[Round "7"]
[White "Neuberger, Attila"]
[Black "Szittar, Antal"]
[Result "1-0"]
[WhiteElo "1883"]
[BlackElo "2110"]
[PlyCount "57"]
[EventDate "2002.09.22"]
[EventType "team"]
[EventRounds "11"]
[EventCountry "HUN"]
[SourceTitle "EXT 2009"]
[Source "ChessBase"]
[SourceDate "2008.11.26"]
[SourceVersion "1"]
[SourceVersionDate "2008.11.26"]
[SourceQuality "1"]

1. c4 Nf6 2. Nc3 g6 3. e4 d6 4. f4 Bg7 5. Nf3 0-0 6. Be2 c5 7. d3 Nc6 8. 0-0 Bg4 9. Be3 a6 10. Rb1 Nd7 11. h3 Bxf3 12. Bxf3 Nd4 13. Qd2 Nxf3+ 14. Rxf3 e6 15. g4 Qa5 16. f5 Bd4 17. Kg2 exf5 18. gxf5 f6 19. fxg6 hxg6 20. Bxd4 cxd4 21. Qh6 Ne5 22. Nd5 Nxf3 23. Qxg6+ Kh8 24. Kxf3 Qd2 25. Qh5+ Kg7 26. Rg1+ Qg5 27. Rxg5+ fxg5+ 28. Ke2 Rf7 29. Qxg5+ 1-0

[Event "HUN-chT2 Szechenyi 0203"]
[Site "Hungary"]
[Date "2002.11.24"]
[Round "3"]
[White "Neuberger, Attila"]
[Black "Gyurkovics, Bence"]
[Result "1-0"]
[WhiteElo "1883"]
[BlackElo "1923"]
[PlyCount "41"]
[EventDate "2002.09.22"]
[EventType "team"]
[EventRounds "11"]
[EventCountry "HUN"]
[SourceTitle "EXT 2009"]
[Source "ChessBase"]
[SourceDate "2008.11.26"]
[SourceVersion "1"]
[SourceVersionDate "2008.11.26"]
[SourceQuality "1"]

1. c4 Nf6 2. Nc3 b6 3. e4 d6 4. f4 Nbd7 5. Nf3 e5 6. d3 Bb7 7. Be2 Be7 8. 0-0 exf4 9. Bxf4 0-0 10. Qd2 Nc5 11. Nd4 Nfd7 12. Nf5 Bf6 13. Rf3 Ne6 14. Be3 Ne5 15. Rh3 Bg5 16. Nd5 Bxe3+ 17. Qxe3 Ng6 18. Nxg7 Nxg7 19. Qh6 Re8 20. Qxh7+ Kf8 21. Qh8+ 1-0

[Event "HUN-chT2 Szechenyi 0203"]
[Site "Hungary"]
[Date "2002.09.22"]
[Round "1"]
[White "Toth, Laszlo2222"]
[Black "Neuberger, Attila"]
[Result "1-0"]
[WhiteElo "2061"]
[BlackElo "1883"]
[PlyCount "53"]
[EventDate "2002.09.22"]
[EventType "team"]
[EventRounds "11"]
[EventCountry "HUN"]
[SourceTitle "EXT 2009"]
[Source "ChessBase"]
[SourceDate "2008.11.26"]
[SourceVersion "1"]
[SourceVersionDate "2008.11.26"]
[SourceQuality "1"]

1. d4 Nf6 2. c4 g6 3. Nc3 d5 4. cxd5 Nxd5 5. e4 Nxc3 6. bxc3 Bg7 7. Nf3 c5 8. Bb5+ Bd7 9. Bxd7+ Qxd7 10. 0-0 0-0 11. Be3 Qc7 12. Qd2 Rd8 13. Bh6 Nc6 14. Bxg7 Kxg7 15. d5 Na5 16. c4 a6 17. Qc3+ Kg8 18. a4 b6 19. Rab1 Rab8 20. Rb2 Qd7 21. Ra1 e6 22. Ne5 Qc8 23. Ng4 Rb7 24. Nf6+ Kg7 25. Nd7+ Kg8 26. Nxb6 Rxb6 27. Rxb6 1-0